Fundamentación para una metafísica de las costumbres. Crítica de la razón práctica. En torno al tópico "Eso vale para la teoría pero no sirve de nada en la práctica". Hacia la paz perpetua. Sobre un presunto derecho de mentir por la filantropía /

Guardado en:
Autor Principal: Kant, Immanuel.
Otros Autores: Hernández, Maximiliano ; pról.
Formato: Libro
Idioma:Undetermined
Publicado: Madrid : Gredos, 2014.
Series:Grandes pensadores
Materias:
Etiquetas: Agregar Etiqueta
Sin Etiquetas, Sea el primero en etiquetar este registro!
LEADER 01515nam a22002055a 4500
001 CEM.cems020640
008 231114s2014####sp############000#0#und#d
005 20231114141247.0
245 1 0 |a Fundamentación para una metafísica de las costumbres. Crítica de la razón práctica. En torno al tópico "Eso vale para la teoría pero no sirve de nada en la práctica". Hacia la paz perpetua. Sobre un presunto derecho de mentir por la filantropía /  |c Immanuel Kant ; estudio introductorio por Maximiliano Hernández. 
260 |a Madrid :  |b Gredos,  |c 2014. 
300 |a 376 p. 
490 1 |a Grandes pensadores 
505 0 |a Fundamentación para una metafísica de las costumbres (Origen y propósitos de la "Fundamentación" y de la "Crítica de la razón práctica -- El deber, o sobre el realismo de la ética crítica -- La ley moral o sobre el idealismo de la ética crítica -- Los postulados prácticos de la moralidad -- Derecho, política e historia -- La tercera "Crítica: el sentimiento estético como confianza de la razón) -- Crítica de la razón práctica -- En torno al tópico "Eso vale para la teoría pero no sirve de nada en la práctica" -- Hacia la paz perpetua. Un esbozo filosófico -- Sobre un presunto derecho de mentir por la filantropía 
020 |a 9788447377886 
100 1 |a Kant, Immanuel. 
700 1 |a Hernández, Maximiliano ; pról. 
653 |a Filosofía 
653 |a Filosofía alemana 
653 |a Idealismo alemán 
859 |a CEMS  |b BIB. CEMS - 11 de abril  |h 193  |i K134-1  |p 29742.23  |t Ej. 1